000 00291nam a22001337a 4500
008 171031b xxu||||| |||| 00| 0 eng d
020 _a9780375703010
041 _aeng
080 _a33
100 _a58
101 _aBUS
245 _aTHUNDER FROM THE EAST
_cKRISTOF,N.D
942 _2udc
_cBK
999 _c36735
_d36735